Caminho da poesia (Record no. 107625)

MARC details
000 -LÍDER
campo de controle de tamanho fixo 01535 a2200253 4500
001 - NÚMERO DE CONTROLE
campo de controle 107625
020 ## - ISBN - INTERNATIONAL STANDARD BOOK NUMBER
ISBN - International Standard Book Number 9788526011175
020 ## - ISBN - INTERNATIONAL STANDARD BOOK NUMBER
Informação qualificadora (broch.)
041 ## - CÓDIGO DE IDIOMA
Código do idioma do texto/trilha sonora ou título diferente por
082 ## - CDD - CLASSIFICAÇÃO DECIMAL DE DEWEY
Número de Classificação 028.5
040 ## - FONTE DA CATALOGAÇÃO
Instituição da catalogação original BR-BrIDEA
Instituição que transcreveu o registro BR-BrIDEA
090 ## - NÚMERO DE CHAMADA LOCAL
Número de chamada (OCLC) (R); Número de chamada, CALL (RLIN) (NR) P Year 4 028
Número Cutter local (OCLC); Número de classificação do livro, CALL (RLIN) MEI
100 ## - ENTRADA PRINCIPAL--NOME PESSOAL
Nome pessoal Meireles, Cecília et. Al.
245 10 - TÍTULO
Título Caminho da poesia
Indicação de responsabilidade, etc. Cecília Meireles et. al
260 ## - PUBLICAÇÃO, DISTRIBUIÇÃO, ETC.
Local de publicação, distribuição, etc. São Paulo
Nome do editor, distribuidor, etc. Global
Data da publicação, distribuição, etc. 2006
300 ## - DESCRIÇÃO FÍSICA
Extensão 64p.
490 ## - TÍTULO DA SÉRIE
Título da série Antologia de Poesias para crianças
520 ## - NOTA DE RESUMO, ETC
Resumo, etc. Caminho da poesia proporciona ao aluno-leitor o encontro poético com doze escritores da literatura, entre eles Manuel Bandeira, Ferreira Gullar, Guilherme de Almeida, Henriqueta Lisboa, Paulo Leminski, Olavo Bilac, Sidónio Muralha. Este certa vez declarou: Tanto a prosa como o verso para crianças têm que ter ritmo, têm que saber brincar, encaixar as frases umas nas outras, têm que despertar na criança o desejo criativo”. Um capacete de guerra tem um ar carrancudo. Muito bela é uma flor. Uma flor tem tudo/ para falar de paz e de amor. / Mas se virarmos o capacete de guerra/ ele será um vaso, e é bem capaz / de ter uma flor num pouco de terra/ e falar de amor e de paz. A leitura destes poemas, construídos com trocadilhos divertidos, humor, sonoridade, recursos gráficos, imagens e metáforas aguçam a fantasia e o caráter lúdico tão presentes no universo infantil.
521 ## - NOTA DO PÚBLICO ALVO
Nota de público alvo Year 4
697 ## - ENTRADA DE ASSUNTO LOCAL--ENTIDADE COLETIVA (RLIN)
Nome corporativo ou nome da jurisdição Poesia - coletâneas
830 ## - ENTRADA SECUNDÁRIA DE SÉRIE--TÍTULO UNIFORME
Título uniforme Antologia de Poesias para crianças
856 ## - LOCALIZAÇÃO ELETRÔNICA E ACESSO
Uniform Resource Identifier <a href="000026/000026cd.jpg">000026/000026cd.jpg</a>
942 ## - ELEMENTOS DE ENTRADA ADICIONADOS (KOHA)
Tipo de material Koha Livros
Holdings
Situação do descarte Situação das perdas Fonte da classificação ou esquema de arquivamento na estante Situação física Não pode ser emprestado Biblioteca de origem Biblioteca atual Data de aquisição Total de empréstimos Número de chamada completo Código de barras Data de último acesso Data do último empréstimo Data do preço efetivo Tipo de material Koha
          Canadian School of Niterói - Piratininga Canadian School of Niterói - Piratininga 09/02/2024   MEI - P4 A14257 09/02/2024   09/02/2024 Livros
          Canadian School of Niterói - Piratininga Canadian School of Niterói - Piratininga 09/02/2024   MEI - P4 A10282 09/02/2024   09/02/2024 Livros
    Classificação Decimal de Dewey     ECB - SUDOESTE ECB - SUDOESTE 08/02/2017 3 P Year 4 028 00027968SSW 20/06/2024 02/05/2024 23/01/2024 Livros
    Classificação Decimal de Dewey     ECB - SUDOESTE ECB - SUDOESTE 27/02/2015   P Year 4 028 00013698SSW 23/01/2024   23/01/2024 Livros
    Classificação Decimal de Dewey     ECB - SUDOESTE ECB - SUDOESTE 18/11/2015   P Year 4 028 00018475SSW 23/01/2024   23/01/2024 Livros
    Classificação Decimal de Dewey     ECB - SUDOESTE ECB - SUDOESTE 08/02/2017   P Year 4 028 00027969SSW 23/01/2024   23/01/2024 Livros
    Classificação Decimal de Dewey     ECB - SUDOESTE ECB - SUDOESTE 30/12/2020     00052724SSW 23/01/2024   23/01/2024 Livros
    Classificação Decimal de Dewey     ECB - SUDOESTE ECB - SUDOESTE 30/12/2020 1 P Year 4 028 MEI 00052725SSW 20/06/2024 17/05/2024 23/01/2024 Livros
    Classificação Decimal de Dewey     ECB - ÁGUAS CLARAS ECB - ÁGUAS CLARAS 02/11/2020   AP Year 4 028 MEI 00050247AGC 23/01/2024   23/01/2024 Livros
    Classificação Decimal de Dewey     ECB - ÁGUAS CLARAS ECB - ÁGUAS CLARAS 02/11/2020   AP Year 4 028 MEI 00050248AGC 23/01/2024   23/01/2024 Livros
    Classificação Decimal de Dewey     ECB - ÁGUAS CLARAS ECB - ÁGUAS CLARAS 02/11/2020   AP Year 4 028 MEI 00050249AGC 23/01/2024   23/01/2024 Livros
    Classificação Decimal de Dewey     ECB - ÁGUAS CLARAS ECB - ÁGUAS CLARAS 02/11/2020   AP Year 4 028 MEI 00050250AGC 23/01/2024   23/01/2024 Livros
          Leonardo Da Vinci - Alphaville 2 Leonardo Da Vinci - Alphaville 2 27/03/2024   028.5 C191 2A276 27/03/2024   27/03/2024 Livros